Dimensionamiento del hilo de guarda en líneas aéreas de transmisión de electricidad
Guardado en:
| Autor principal: | |
|---|---|
| Formato: | Libro |
| Publicado: |
2005
[San José, Costa Rica]
|
| Materias: | |
| Etiquetas: |
Agregar Etiqueta
Sin Etiquetas, Sea el primero en etiquetar este registro!
|
MARC
| LEADER | 00000nam a2200000Ia 4500 | ||
|---|---|---|---|
| 003 | 009692 | ||
| 005 | 20221231144124.0 | ||
| 008 | 140114s2005 cr a m 000 | s d | ||
| 040 | |c cru CEDI | ||
| 090 | |a TFG 5223 | ||
| 100 | |a Aguilar Ramírez, Leonel |9 5659 | ||
| 245 | |a Dimensionamiento del hilo de guarda en líneas aéreas de transmisión de electricidad | ||
| 260 | |c [San José, Costa Rica] |b 2005 | ||
| 300 | |a xi, 12-68, [10] hojas : ilustraciones (algunas a color) ; 1 mapa | ||
| 500 | |a Proyecto de graduación (bachiller en ingeniería eléctrica)--Universidad de Costa Rica. Facultad de Ingeniería. Escuela de Ingeniería Eléctrica | ||
| 650 | |x LINEAS AEREAS |x LINEAS ELECTRICAS |x ELECTRICIDAD - DISPOSITIVOS DE DISTRIBUCION |x SISTEMAS DE ENERGIA ELECTRICA |x TRANSMISION DE POTENCIA |9 5660 | ||
| 942 | |c TFG | ||
| 999 | |c 17201 |d 17201 | ||
